Normal view MARC view
  • SIMON, LESTER AND MERCURIO, BRYAN

Entry Personal Name

Number of records used in: 1

001 - CONTROL NUMBER

  • control field: 6565

003 - CONTROL NUMBER IDENTIFIER

  • control field: OSt

005 - DATE AND TIME OF LATEST TRANSACTION

  • control field: 20210823132125.0

008 - FIXED-LENGTH DATA ELEMENTS

  • fixed length control field: 210823|| aca||aabn | a|a d

040 ## - CATALOGING SOURCE

  • Original cataloging agency: OSt
  • Transcribing agency: OSt

100 ## - HEADING--PERSONAL NAME

  • Personal name: SIMON, LESTER AND MERCURIO, BRYAN

670 ## - SOURCE DATA FOUND

  • Source citation: Work cat.: (OSt): SIMON, LESTER AND MERCURIO, BRYAN, BILATERAL AND REGIONAL TRADE AGREEMENTS:CIMMENTARY AND ANALYSIS, 2009